00728nam a2200229 a 450000100100000000500170001000800410002704000250006808200150009310000480010824500340015625000110019026000350020130000170023649000180025350000380027150000320030983400180034104900090035995201130036899900170048100002218620200930011624.0100917s1960 sp 000 |bspa d aDO-SdBNPbspacBNPHU axxxbT316s1 aTeresa de Jesús,cSantad1515-158291586310aSu vida /cTeresa de Jesús. a5a ed. aMadrid :bEspasa-Calpe,c1960. ap. ;c18 cm. aAustral;v372 aIncluye notas al pie de páginas aIncluye índice de autores aAustral;v372 aBNGR 001050718MOaGRbGRcCTd2010-09-17iLF1l0oxxx T316sp22186-10r2020-06-25w2020-06-25y1ZNo se presta c21684d21684